Histología (Registro nro. 34783)
[ vista simple ]
| 000 -CABECERA | |
|---|---|
| Longitud fija campo de control | 00911cam a2200253 4500 |
| 001 - NÚMERO DE CONTROL | |
| Número de control | a3311792 |
| 003 - IDENTIFICADOR DELl NÚMERO DE CONTROL | |
| Identificador del número de control | OSt |
| 005 - FECHA Y HORA DE LA ÚLTIMA TRANSACCIÓN | |
| Fecha y hora de la última transacción | 20240318232040.0 |
| 008 - CÓDIGOS DE INFORMACIÓN DE LONGITUD FIJA | |
| Códigos de información de longitud fija | 080211s2020 arg spa |
| 020 ## - NÚMERO INTERNACIONAL NORMALIZADO PARA LIBROS | |
| Número Internacional Normalizado para Libros (ISBN) | 978-84-17602-65-9 |
| 040 ## - FUENTE DE LA CATALOGACIÓN | |
| Centro catalogador de origen | SpMaBN |
| Lengua de catalogación | spa |
| Centro transcriptor | BMC |
| Normas de descripción | rdc |
| 082 ## - NÚMERO DE LA CLASIFICACIÓN DECIMAL DEWEY | |
| Númeroo de clasificación | 611.018 |
| 100 1# - PUNTO DE ACCESO PRINCIPAL-NOMBRE DE PERSONA | |
| 9 (RLIN) | 8140 |
| Nombre de persona | Ross, Michael H. |
| Fechas asociadas al nombre | 1930-2009 |
| 245 10 - MENCIÓN DE TÍTULO | |
| Título | Histología |
| Resto del título | : texto y atlas color, correlación con biología celular y molecular |
| Mención de responsabilidad, etc. | Michael H. Ross, Wojciech Pawlina ; [traducción, Gustavo Arturo Mezzano, et al] |
| 250 ## - MENCIÓN DE EDICIÓN | |
| Mención de edición | 8ª ed |
| 260 ## - PUBLICACIÓN, DISTRIBUCIÓN, ETC. (PIE DE IMPRENTA) | |
| Lugar de publicación, distribución, etc. | Philadelhia [etc.] |
| Nombre del editor, distribuidor, etc. | Wolters Kluwer |
| Fecha de publicación, distribución, etc. | 2020 |
| 300 ## - DESCRIPCIÓN FÍSICA | |
| Extensión | XVI, 1045 p. |
| Otras características físicas | il. col. y n. |
| Dimensiones | 28 cm |
| 500 ## - NOTA GENERAL | |
| Nota general | En la cub.: incluye libro electrónico gratuito en español |
| 594 ## - NOTA AL TÍTULO Y MENCIÓN DE RESPONSABIBLIDAD | |
| Nota Al Título Y Mención De Responsabilidad | Traducción de: Histology |
| 650 24 - PUNTO DE ACCESO ADICIONAL DE MATERIA - TÉRMINO DE MATERIA | |
| Término de materia o nombre geográfico como elemento inicial | Histología |
| 9 (RLIN) | 7970 |
| 700 1# - PUNTO DE ACCESO ADICIONAL - NOMBRE DE PERSONA | |
| 9 (RLIN) | 8139 |
| Nombre de persona | Pawlina, Wojciech |
| 700 1# - PUNTO DE ACCESO ADICIONAL - NOMBRE DE PERSONA | |
| 9 (RLIN) | 48277 |
| Nombre de persona | Mezzano, Gustavo Arturo |
| 942 ## - ENTRADA DE ELEMENTOS AGREGADOS (KOHA) | |
| Fuente de clasificaión o esquema | Dewey Decimal Classification |
| Koha [por defecto] tipo de item | 1- Monografias |
| Parte de clasificación | prozim |
| Suprimido | Perdido | Fuente de clasificación o esquema | Estropeado | Restricciones de uso | No para préstamo | Código de colección | Localización permanente | Localización actual | Localización en estanter&íacute;as | Fecha adquisición | Fuente de adquisición | Número de inventario | Préstamos totales | Renovaciones totales | Signatura completa | Código de barras | Fecha última consulta | Fecha último préstamo | Coste, precio reemplazado | Fecha del precio de reemplazo | Tipo de item de Koha |
|---|---|---|---|---|---|---|---|---|---|---|---|---|---|---|---|---|---|---|---|---|---|
| NULL | NULL | Dewey Decimal Classification | NULL | Prestable | NULL | NULL | Biblioteca Miguel de Cervantes - UNICAES | Biblioteca Miguel de Cervantes - UNICAES | Sala Principal | 21/02/2024 | Compra-Facultad de Ciencias de la Salud | 035656 | 30 | 10 | 611.018 ROS his | 1051494 | 08/04/2026 | 26/03/2026 | 160.00 | 21/03/2024 | 1- Monografias |
| NULL | NULL | Dewey Decimal Classification | NULL | Prestable | NULL | NULL | Biblioteca Miguel de Cervantes - UNICAES | Biblioteca Miguel de Cervantes - UNICAES | Sala Principal | 21/02/2024 | Compra-Facultad de Ciencias de la Salud | 035657 | 32 | 7 | 611.018 ROS his | 1051495 | 15/05/2026 | 13/05/2026 | 160.00 | 21/03/2024 | 1- Monografias |
| NULL | NULL | Dewey Decimal Classification | NULL | Prestable | NULL | NULL | Biblioteca Miguel de Cervantes - UNICAES | Biblioteca Miguel de Cervantes - UNICAES | Sala Principal | 21/02/2024 | Compra-Facultad de Ciencias de la Salud | 035658 | 32 | 13 | 611.018 ROS his | 1051496 | 15/05/2026 | 12/05/2026 | 160.00 | 21/03/2024 | 1- Monografias |